Statistics for Proposed F1 2022 Calendar

Click here to take the quiz!

General Stats

  • This quiz has been taken 76 times
  • The average score is 19 of 23

Answer Stats

RoundDateCountryAnswer% Correct
7May 27-29MonacoCircuit de Monte Carlo
96%
16September 9-11ItalyAutodromo Nazionale di Monza
93%
14August 26-28BelgiumCircuit de Spa Francorchamps
91%
5May 6-8USAMiami international Autodrome
91%
23November 18-20Untied Arab EmiratesYas Marina Circuit
91%
3April 8-10AustraliaAlbert Park street circuit
89%
4April 22-24ItalyAutodromo Internazionale e Dino Ferrari
89%
8June 10-12AzerbaijanBaku street circuit
89%
10July 1-3UKSilverstone Circuit
89%
17September 23-25RussiaSochi Autodrom
88%
15September 2-4NetherlandsCircuit Zandvoort
86%
2March 25-27Saudi arabiaJeddah street circuit
86%
13July 29-31HungaryHungaroring
84%
11July 8-10AustriaRed Bull Ring
84%
19October 7-9JapanSuzuka International Circuit
84%
6May 20-22SpainCircuit de Barcelona Catalunya
79%
20October 21-23USACircuit of the Americas
77%
22November 11-13BrazilInterlagos Circuit
73%
12July 22-24FranceCircuit de Paul Ricard
71%
9June 17-19CanadaCircuit Gilles Villeneuve
71%
21October 28-30MexicoAutodromo Hermanos Rodriguez
70%
18September 30-2 OctoberSingaporeMarina Bay Street circuit
59%
1March 18-20BahrainBahrain International Circuit
52%

Score Distribution

Percentile by Number Answered

Percent of People with Each Score

Your Score History

You have not taken this quiz